000 00800cam a22002777a 4500
003 CHAP
005 20220329134602.0
008 971013s1972 r 00010 d
010 _a22590
011 _a23562
035 _a27658
040 _cCHAP
082 _a632.951
_bA8
111 0 0 _aAustralian Academy of Science.
_98385
245 1 4 _aThe use of DDT in Australia
260 _aNetley, Australia :
_bThe Academy,
_c1972
300 _a72 p.
_b; mapas
490 0 _aReport
_v; 14
590 _aBATCH-UPD
_b10
_c20130110
_lUCH01
_h1953
590 _aCONVERSION
_b10
_c20130109
_lUCH01
_h1313
650 1 4 _aDDT (Insecticida)
_931376
830 0 _aReport
_v; 14
_995990
901 _aBK
942 _cLIBRO
949 _a632.951 A8
_bBC
_cLIBRO
_d33724000183323
_eLIBRO
_gI.126984
_h66855
_i27658
_mDir
_si
999 _c22590
_d22590